LDR 00696naa#a2200193#i#450# 001 EN\RIOR\bibl\126280 005 20260629064521.1 011 ## _a2409-6024 100 ## _a20260530b2026####ek#y0engy0150####ca 102 ## _aRU 200 1# _aINTEGRATION OF ESG INDICATORS INTO THE SYSTEM OF STRATEGIC CONTROLLING OF A COMPANY _eJournal article 210 1# _aMoscow _cPublishing Center RIOR _d2026 215 ## _a13 с. 608 ## _aJournal article _2local 675 ## _aЭкономика. Народное хозяйство. Экономические науки. 33 _z 700 #1 _aKozhina _gVeronika Olegovna 700 #1 _aRyabichenko _gSergey Anatol'evich 700 #1 _aHolodkov _gDenis Aleksandrovich 856 4# _arusjm.ru _u